000 00874nam a22002417a 4500
999 _c64030
_d64030
005 20240530110711.0
008 180121s2016 ua a f b 000 0dara d
017 _a2015/16249
_bمصر. دار الكتب
020 _a9789770933558
040 _aEG-CaGPL
_cEG-CaGPL
082 0 4 _221
_a338.962
_bق/ع ط
100 0 _aعاصم محروس عبدالمطلب
245 1 0 _aطلعت حرب مؤسس الاقتصاد المصرى 1867 - 1941 /
_cعاصم محروس عبدالمطلب .
250 _aط.1
260 _aالقاهرة :
_bدار الشروق ،
_c2016 .
300 _a229 ص. ؛
_c24 سم.
504 _aببليوجرافية : ص 225 - 229
600 0 7 _aطلعت حرب
650 0 7 _2qrmak
_aبنك مصر
651 0 7 _2qrmak
_aمصر
_xالاحوال الافتصادية
942 _2ddc
_cBK